000 00442nam a2200181Ia 4500
001 12104
005 20260306162917.0
008 260306t2017||||xx |||||||||||||| ||spa||
041 _aESP
082 _aHR 2357
_bELTELJ
100 _aEötvös Loránd University. Faculty of Law
_eAUT
245 0 _aElte law journal
260 _c2017
300 _a112 páginas :
_c23 cm.
650 _aGEN
654 _aCHU
942 _cLIB
_dJUS
_fJUS
_2ddc
_n
999 _c12104
_d12104